Seasonal use of brush piles by the hispid cotton rat (<Sigmodon hispidus>) (Registro nro. 9555)

Detalles MARC
000 -CABECERA
Campo de control 005200000a22001690004500
090 ## - CLASIFICACIÓN LOCAL
Colección AR
Consecutivo 00459
041 0# - IDIOMA
Código de idioma para texto/pista de sonido o título separado
100 1# - ASIENTO PRINCIPAL--NOMBRE PERSONAL
Nombre personal Swihart, Robert K.
245 10 - MENCION DE TITULO
Título Seasonal use of brush piles by the hispid cotton rat (<Sigmodon hispidus>)
650 14 - ASIENTO SECUNDARIO DE MATERIA - TERMINO TEMATICO
Término temático o nombre geográfico como elemento de entrada Roedores
650 14 - ASIENTO SECUNDARIO DE MATERIA - TERMINO TEMATICO
Término temático o nombre geográfico como elemento de entrada Distribución
650 14 - ASIENTO SECUNDARIO DE MATERIA - TERMINO TEMATICO
Término temático o nombre geográfico como elemento de entrada Dinámica poblacional
653 ## - TERMINO DE INDIZACION - NO CONTROLADO
-- Sigmodon
-- Sigmodon hispidus
700 1# - ASIENTO SECUNDARIO - NOMBRE PERSONAL
Nombre personal Slade, Norman A.
773 1# - Item fuente:
Título Journal of Mammalogy
Especificación de materiales 106
Descripción física 3
Paginas del Articulo 577-580
Lugar, editorial y fecha de publicación 1985
Información sobre la relación 66
942 ## - ELEMENTOS ADICIONALES (KOHA)
Tipo de ítem Artículo
Existencias
Withdrawn status Lost status Damaged status No para préstamo Colección Ubicación Permanente Ubicación actual Fecha de adquisición Datos de publicación Seriada Total Checkouts Número topográfico Inventario / Código de Barras Date last seen Ejemplar Price effective from Forma de adquisición Tipo de material
      No para Préstamo Hemeroteca Bogotá Bogotá 27/02/2015 Fuera de circulación   AR 00459 010749 25/03/2015 1 25/03/2015   Artículo
      No para Préstamo Hemeroteca Bogotá Bogotá 27/02/2015 Fuera de circulación   AR 00459 010750 25/03/2015 2 25/03/2015   Artículo